Discovering the Mindsets of the Luxury Recycling Phenomenon
Výskumným cieľom daného príspevku je preskúmať a pochopiť čo spotrebiteľov fascinuje recyklovať luxusné predmety prostredníctvom kanálov elektronického obchodu. Štúdia sa zameriava na dva hlavné problémy: po prvé, pochopenie postojov zákazníkov pri recyklácii luxusných predmetov prostredníctvom elek...
Salvato in:
| Autore principale: | |
|---|---|
| Altri autori: | |
| Natura: | Capitolo di libro |
| Lingua: | inglese |
| Soggetti: | |
| Tags: |
Nessun Tag, puoi essere il primo ad aggiungerne!!
|
MARC
| LEADER | 00000naa a2200000 4500 | ||
|---|---|---|---|
| 001 | 0297362 | ||
| 005 | 20231129121735.8 | ||
| 041 | 0 | |a eng | |
| 044 | |a CZ | ||
| 245 | 1 | 0 | |a Discovering the Mindsets of the Luxury Recycling Phenomenon |c Ardita Todri, Petraq Papajorgji |
| 520 | |a Výskumným cieľom daného príspevku je preskúmať a pochopiť čo spotrebiteľov fascinuje recyklovať luxusné predmety prostredníctvom kanálov elektronického obchodu. Štúdia sa zameriava na dva hlavné problémy: po prvé, pochopenie postojov zákazníkov pri recyklácii luxusných predmetov prostredníctvom elektronického obchodu a po druhé, objavovanie konfigurácií elektronických platforiem, ktoré sa primárne používajú. Za vstupné parametre považuje sa vek a pohlavie spotrebiteľov. | ||
| 610 | 2 | 0 | |a recyklácia odpadu |
| 610 | 2 | 0 | |a postoje |
| 610 | 2 | 0 | |a spotrebitelia |
| 610 | 2 | 0 | |a tovar luxusný |
| 610 | 2 | 0 | |a obchod elektronický |
| 610 | 2 | 0 | |a platformy digitálne |
| 100 | 1 | |a Todri, Ardita | |
| 700 | 1 | |a Papajorgji, Petraq | |